Normal view
MARC view
- Constructivismo
Entry Materia
001 - NÚMERO DE CONTROL DEL REGISTRO
- campo de control: 10397
003 - IDENTIFICADOR DE NUMERO DE CONTROL
- campo de control: MX-MxUPN
005 - FECHA Y HORA DE LA ÚLTIMA TRANSACCIÓN
- campo de control: 20260109124533.0
008 - DATOS DE LONGITUD FIJA
- campo de control de longitud fija: 260109n| acnnnbabn | ana |d
035 ## - NÚMERO DE CONTROL DEL SISTEMA
- Número de control del sistema: UPN10000010404
040 ## - FUENTE DE LA CATALOGACIÓN
- Centro catalogador de origen: MX-MxUPN
- Lengua de catalogación: spa
- Agencia de transcripción: MX-MxUPN
150 ## - ENCABEZAMIENTO - TEMÁTICO
- Término de materia o nombre geográfico como elemento inicial: Constructivismo
670 ## - FUENTE EN LA QUE SE LOCALIZARON DATOS
- Cita de la fuente: T
- Información localizada: Diccionario de ciencias de la educación
902 ## - CATALOGADOR
- Catalogador: PN/270195
